| 000 | 00655cam a22002411 4500 | ||
|---|---|---|---|
| 001 | sa 65005936 | ||
| 003 | DLC | ||
| 005 | 20260227112139.0 | ||
| 008 | 900404q19601965pk r 000 0 eng | ||
| 010 | _asa 65005936 | ||
| 025 | _aPL480:P-E-741 | ||
| 035 | _a(OCoLC)21321811 | ||
| 040 |
_aDLC _cWaU _dDLC |
||
| 042 | _apremarc | ||
| 043 |
_aaw----- _af------ |
||
| 050 | 0 | 0 |
_aHF3760.8 _b.T7 |
| 245 | 0 | 0 | _aTrade directory of Middle East and Africa. |
| 260 |
_aKarachi, _bPanasia Pub. Co. _c[196-] |
||
| 300 |
_a164 p. _c17 cm. |
||
| 500 | _aCover title. | ||
| 651 | 0 |
_aMiddle East _xCommerce _vDirectories. |
|
| 651 | 0 |
_aAfrica _xCommerce _vDirectories. |
|
| 999 |
_c64461 _d64461 |
||